Statistics for Most Populous Countries the EU

Click here to take the quiz!

General Stats

  • This quiz has been taken 509 times
  • The average score is 9 of 10

Answer Stats

PopulationCountry% Correct
81.2 millionGermany
100%
67.1 millionFrance
99%
60.9 millionItaly
96%
65.1 millionUnited Kingdom
96%
46.4 millionSpain
95%
38.5 millionPoland
90%
16.9 millionNetherlands
83%
11.3 millionBelgium
80%
19.8 millionRomania
80%
10.7 millionGreece
77%

Score Distribution

Percentile by Number Answered

Percent of People with Each Score

Your Score History

You have not taken this quiz